Asian Economic Policy Review

Detalles Bibliográficos
Formato: eBook
Lenguaje:inglés
Publicado: Hoboken: Wiley, 2006 -
Materias:
Acceso en línea:Acceso restringido

MARC

LEADER 00000nam a22000007a 4500
005 2021041209469.0
007 cr|||| ||||
008 210412c20069999us n|w s|||| 0|||b1eng d
022 |a 1832-8105 
035 |a 32844 
040 |a vLex 
090 |c 11424  |d 11424 
245 0 0 |a Asian Economic Policy Review  |h [Recurso electrn̤ico] / 
256 |a Servicio en ln̕ea 
260 |a Hoboken:  |b Wiley,  |c 2006 - 
300 |a 1 recurso electrn̤ico 
310 |a Irregular 
362 |a Nð 1-1 (Jun. 2006) - 
506 1 |a Disponible solo en los productos indicados  |d vLex Global  |d vLex Global (Academic Edition, excluding Law Schools)  |d vLex Global (Academic Edition, Law Schools) 
650 0 4 |a Derecho Pb︢lico y Administrativo  |z Estados Unidos 
650 0 4 |a Derecho Mercantil y de la Empresa  |z Estados Unidos 
740 0 |a vLex Revistas (Servicio en ln̕ea) 
856 4 0 |u https://vlex.com/source/32844  |z Acceso restringido 
942 |c REV 
999 0 |a Public and Administrative Law 
999 0 |a Commercial and Company Law